Normal view
MARC view
Entry Personal Name
001 - CONTROL NUMBER
- control field: 6623
003 - CONTROL NUMBER IDENTIFIER
- control field: OSt
005 - DATE AND TIME OF LATEST TRANSACTION
- control field: 20150821164759.0
008 - FIXED-LENGTH DATA ELEMENTS
- fixed length control field: 150821|| aca||aabn | a|a d
040 ## - CATALOGING SOURCE
- Original cataloging agency: OSt
- Transcribing agency: OSt
100 ## - HEADING--PERSONAL NAME
- Personal name: Verma, Harish K.
670 ## - SOURCE DATA FOUND
- Source citation: Work cat.: (OSt)4308: Verma, Harish K., A Comprehensice Book Of Ayurvedic Medicine For General Practitioners, 1991









